Vista normal
Vista MARC
Entrada Geographic Name
Número de registros utilizados en: 1
001 - CONTROL NUMBER
- control field: 37443
003 - CONTROL NUMBER IDENTIFIER
- control field: OSt
005 - DATE AND TIME OF LATEST TRANSACTION
- control field: 20210505183711.0
008 - FIXED-LENGTH DATA ELEMENTS
- fixed length control field: 210505|| aca||aabn | a|a d
040 ## - CATALOGING SOURCE
- Original cataloging agency: OSt
- Transcribing agency: OSt
151 ## - HEADING--GEOGRAPHIC NAME
- Geographic name: América Latina
- General subdivision: Movimiento laboral
670 ## - SOURCE DATA FOUND
- Source citation: Work cat.: (OSt)7861: Godio, Julio, 15656 autor, Reflexiones sobre los desafíos actuales del sindicalismo : , 1992